| 000 | 00881nam0a2200253 4500 | ||
|---|---|---|---|
| 001 | RU\NLR\bibl\1838333 | ||
| 005 | 20250616171204.0 | ||
| 021 |
_aRU _b2011-87409 _96239 |
||
| 035 | _a(NLR Aleph) 001828805 | ||
| 090 |
_a2109007 _c2109007 |
||
| 100 | _a20111124d2011 |||y0rusy50 ca | ||
| 101 | 0 | _arus | |
| 102 | _aRU | ||
| 105 | _ay ||||||||| | ||
| 200 | 1 | _aМетодическое пособие по выполнению курсовых работ по курсу "Водоснобжение и водоотведение" | |
| 210 |
_aМосква _cРУДН _d2011 |
||
| 215 | _d21 | ||
| 700 | 1 |
_aСвинцов _bА. П. _4070 |
|
| 701 | 1 |
_aХарун _bМ. И. _4070 |
|
| 801 | 0 |
_aRU _bNLR _c20111124 _gRCR |
|
| 801 | 1 |
_aRU _bNLR _c20111124 |
|
| 942 | _cBOOK | ||
| 980 | _aNB | ||